Quick Pick: LOTR Characters Quiz Stats

 Plays Quiz Updated May 23, 2016

Challenge
Share
Tweet
Embed
Score 0/14 Timer 01:30
1 Play Today
% Correct
Baggins
94.2%
Samwise
90.2%
Took
82.7%
Oakenshield
79.9%
Greenleaf
76.1%
Meriadoc
75%
Bombadil
73.2%
% Correct
Wormtongue
73%
Angmar
72.7%
Barliman
65.2%
Elrond
61.8%
Arwen
61.5%
Gamgee
59.7%
Helm
59.3%

Today's Daily Dose

Word Ladder
Aquatic Life

On This Day
August 21st II

You're not logged in!

Compare scores with friends on all Sporcle quizzes.
Join for Free
OR
Log In

You Might Also Like...

Show Comments

Extras

Top Quizzes Today


Score Distribution

Your Account Isn't Verified!

In order to create a playlist on Sporcle, you need to verify the email address you used during registration. Go to your Sporcle Settings to finish the process.

Report this User

Report this user for behavior that violates our Community Guidelines.

Details: